000 00665nam a2200133Ia 4500
008 171212s9999 xx 000 0 und d
020 _a9780833031488
100 _aCarter, Grace M.;Buntin, Melinda Beeuwkes;Hayden, Orla;Paddock, Susan M.;Relles, Daniel A.
245 _cCarter, Grace M.;Buntin, Melinda Beeuwkes;Hayden, Orla;Paddock, Susan M.;Relles, Daniel A.
_aAnalyses for the Initial Implementation of the Inpatient Rehabilitation Facility Prospective Payment System
260 _bRAND Corporation
_c2002
650 _aHealth Sciences
650 _aHospitals -- Rehabilitation services -- Prospective payment
856 _uwww.jstor.org/stable/10.7249/mr1500cms
999 _c351733
_d351733